[Event "Portugal Open 2018"]
[Site "Lisboa POR"]
[Date "2018.02.04"]
[Round "3.80"]
[White "Fernandes, Miguel"]
[Black "Partoens, Remi"]
[Result "1-0"]
[WhiteElo "2036"]
[BlackElo "1663"]
[WhiteFideId "1920456"]
[BlackFideId "237108"]
[WhiteCountry "POR"]
[BlackCountry "BEL"]
[PlyCount "49"]
[EventDate "2018.??.??"]

1. d4 Nf6 2. c4 c5 3. d5 e5 4. Nc3 d6 5. e4 Be7 6. g3 O-O 7. Bg2 Ne8 8. Nge2 Na6
9. O-O Nec7 10. Be3 Bd7 11. f4 Bf6 12. f5 Rb8 13. Qd2 b5 14. g4 g5 15. h4 h6 16.
Ng3 Be7 17. Nh5 f6 18. hxg5 fxg5 19. f6 Bxf6 20. Rxf6 Rxf6 21. Bxg5 Rf2 22. Qxf2
hxg5 23. Rf1 Qe7 24. Qf6 Qg7 25. Qxg7# 1-0

[Event "Portugal Open 2018"]
[Site "Lisboa POR"]
[Date "2018.02.04"]
[Round "3.81"]
[White "Kersten, Julian"]
[Black "Pérez Bolanos, Joel"]
[Result "1/2-1/2"]
[WhiteElo "2032"]
[BlackElo "1628"]
[WhiteFideId "1628542"]
[BlackFideId "24564419"]
[WhiteCountry "AUT"]
[BlackCountry "ESP"]
[PlyCount "70"]
[EventDate "2018.??.??"]

1. d4 Nf6 2. Bg5 Ne4 3. Bf4 c5 4. dxc5 Qa5+ 5. c3 Qxc5 6. e3 Nc6 7. Nd2 Nxd2 8.
Qxd2 d6 9. Nf3 e5 10. Bg3 h6 11. Be2 Be6 12. O-O Be7 13. Rfd1 O-O 14. e4 b5 15.
Bh4 Rfd8 16. Bxe7 Nxe7 17. Bf1 Nc8 18. b4 Qc6 19. Nxe5 Qxe4 20. Re1 Qb7 21. Nf3
Nb6 22. Nd4 Bc4 23. Re3 Bxf1 24. Rxf1 Nc4 25. Qd1 Nxe3 26. fxe3 Qe4 27. Qh5
Qxe3+ 28. Kh1 Rf8 29. Nf5 Qd3 30. Kg1 Qxc3 31. Qg4 Qf6 32. Qe2 Qe5 33. Qg4 Qf6
34. Qe2 Qe5 35. Qg4 Qf6 1/2-1/2

[Event "Portugal Open 2018"]
[Site "Lisboa POR"]
[Date "2018.02.04"]
[Round "3.82"]
[White "Mikalsen, Harald"]
[Black "Voges, Guilherme"]
[Result "1-0"]
[WhiteElo "2026"]
[BlackElo "1384"]
[WhiteFideId "1511564"]
[BlackFideId "1947680"]
[WhiteCountry "NOR"]
[BlackCountry "POR"]
[PlyCount "59"]
[EventDate "2018.??.??"]

1. d4 e6 2. c4 c5 3. Nf3 d5 4. cxd5 exd5 5. dxc5 Bxc5 6. e3 Nc6 7. Bb5 Nf6 8.
O-O Qb6 9. Nc3 O-O 10. Bxc6 bxc6 11. Na4 Qb5 12. Nd4 Bxd4 13. exd4 Ba6 14. Re1
Rfe8 15. Be3 h6 16. Rc1 Re7 17. h3 Ne4 18. Bf4 Rae8 19. Re3 g5 20. Be5 f6 21.
Rxe4 dxe4 22. Bxf6 Rf7 23. Be5 Ref8 24. Nc3 Qxb2 25. Rc2 Qa3 26. Qh5 Kh7 27.
Nxe4 Qe7 28. Rxc6 Rf6 29. Nxf6+ Rxf6 30. Rxf6 1-0

[Event "Portugal Open 2018"]
[Site "Lisboa POR"]
[Date "2018.02.04"]
[Round "3.83"]
[White "Moreira, Simao Chaves"]
[Black "Dumont, André"]
[Result "0-1"]
[WhiteElo "1490"]
[BlackElo "2019"]
[WhiteFideId "1939351"]
[BlackFideId "201910"]
[WhiteCountry "POR"]
[BlackCountry "BEL"]
[PlyCount "56"]
[EventDate "2018.??.??"]

1. d4 Nf6 2. Bf4 b6 3. e3 e6 4. Nd2 Bb7 5. Ngf3 Be7 6. h3 O-O 7. Bd3 d5 8. Bh2
Nbd7 9. O-O c5 10. c3 Ne4 11. Ne5 f5 12. f4 Nxe5 13. fxe5 cxd4 14. exd4 g5 15.
Rc1 Qe8 16. Be2 Qg6 17. c4 g4 18. hxg4 Nxd2 19. gxf5 Rxf5 20. Qxd2 dxc4 21. Bxc4
Bxg2 22. Bxe6+ Qxe6 23. Rxf5 Be4 24. Rf2 Kh8 25. Rc3 Bh4 26. Bg3 Rg8 27. Qf4 Qh3
28. Qxh4 Qxh4 0-1

[Event "Portugal Open 2018"]
[Site "Lisboa POR"]
[Date "2018.02.04"]
[Round "3.84"]
[White "Lopez De Turiso, José Angel"]
[Black "Palhas, Miguel Brando"]
[Result "1-0"]
[WhiteElo "2019"]
[BlackElo "1323"]
[WhiteFideId "2207680"]
[BlackFideId "1961349"]
[WhiteCountry "ESP"]
[BlackCountry "POR"]
[PlyCount "45"]
[EventDate "2018.??.??"]

1. e4 e6 2. c4 c5 3. Nc3 Nc6 4. Nf3 d6 5. d4 cxd4 6. Nxd4 Nf6 7. Be2 Be7 8. O-O
O-O 9. Be3 d5 10. cxd5 exd5 11. Nxc6 bxc6 12. exd5 cxd5 13. Bf3 Bb7 14. Qb3 Qd7
15. Rad1 Rab8 16. Qc2 Bb4 17. Bd4 Ne4 18. Bxe4 dxe4 19. Bxa7 Qe7 20. Bxb8 Rxb8
21. Nd5 Bxd5 22. Rxd5 Ba5 23. Rxa5 1-0

[Event "Portugal Open 2018"]
[Site "Lisboa POR"]
[Date "2018.02.04"]
[Round "3.85"]
[White "Gonçalves, Samuel"]
[Black "Andias, João"]
[Result "1-0"]
[WhiteElo "1469"]
[BlackElo "2015"]
[WhiteFideId "1945130"]
[BlackFideId "1900862"]
[WhiteCountry "POR"]
[BlackCountry "POR"]
[PlyCount "191"]
[EventDate "2018.??.??"]

1. e4 c5 2. Nf3 d6 3. Bb5+ Bd7 4. Bxd7+ Nxd7 5. O-O Ngf6 6. Qe2 e6 7. Rd1 Be7 8.
c3 O-O 9. d4 Qc8 10. Na3 a6 11. Bg5 Re8 12. e5 dxe5 13. Nxe5 Bf8 14. Nac4 Nd5
15. Nxd7 Qxd7 16. Ne3 Nxe3 17. Qxe3 f6 18. Bh4 Qc6 19. Qg3 Kh8 20. Qg4 Rad8 21.
dxc5 Bxc5 22. a3 b5 23. a4 e5 24. Qe2 bxa4 25. Qc2 a3 26. b4 Bxb4 27. Rdc1 Bc5
28. Bg3 Rd7 29. Qf5 Red8 30. h4 h6 31. Ra2 Qc8 32. Qb1 Rd3 33. Kh2 Qb8 34. Qc2
Qd6 35. Qa4 Qe6 36. Rcc2 f5 37. Qa5 Qe7 38. f3 f4 39. Be1 Rd1 40. c4 R1d7 41.
Rd2 Bd4 42. Qxa3 Qf7 43. Qxa6 Ra7 44. Qc6 Rc7 45. Qa6 Rxc4 46. Rac2 Rxc2 47.
Rxc2 Qf5 48. Rc7 Qf6 49. Qxf6 gxf6 50. Bb4 Rb8 51. Ba3 Rb1 52. Rf7 h5 53. Rxf6
Kh7 54. Rf5 Ra1 55. Rxh5+ Kg6 56. Rg5+ Kf6 57. Bf8 Ra7 58. Kh3 Rf7 59. Bb4 Rb7
60. Ba5 Bb6 61. Bxb6 Rxb6 62. Kg4 Rb8 63. h5 Rb2 64. Rg6+ Kf7 65. Kf5 Rb5 66.
Rc6 Kg7 67. Re6 Rb2 68. Rxe5 Rxg2 69. Kxf4 Kh6 70. Re8 Ra2 71. Kg4 Ra5 72. f4
Ra4 73. Re6+ Kh7 74. Kg5 Ra5+ 75. f5 Ra1 76. Re7+ Kg8 77. h6 Rg1+ 78. Kf6 Ra1
79. Re6 Rb1 80. Rd6 Re1 81. Rd7 Rf1 82. h7+ Kh8 83. Kg6 Rg1+ 84. Kf7 Ra1 85. f6
Ra2 86. Re7 Ra1 87. Kf8 Ra2 88. f7 Kxh7 89. Re8 Ra7 90. Rd8 Ra1 91. Rc8 Ra2 92.
Rc7 Re2 93. Rc3 Rh2 94. Re3 Ra2 95. Rh3+ Kg6 96. Kg8 1-0

[Event "Portugal Open 2018"]
[Site "Lisboa POR"]
[Date "2018.02.04"]
[Round "3.86"]
[White "Martins, Domingos"]
[Black "Zemlicka, Vit"]
[Result "0-1"]
[WhiteElo "1223"]
[BlackElo "2015"]
[WhiteFideId "1947389"]
[BlackFideId "303143"]
[WhiteCountry "POR"]
[BlackCountry "CZE"]
[PlyCount "74"]
[EventDate "2018.??.??"]

1. d4 Nf6 2. Nf3 g6 3. Bf4 Bg7 4. e3 d6 5. Be2 O-O 6. O-O c5 7. c3 Nh5 8. Bg5 h6
9. Bh4 g5 10. Nxg5 hxg5 11. Bxg5 Nf6 12. Nd2 Bf5 13. Nf3 Nbd7 14. Nh4 Bh7 15.
Bd3 Ne4 16. Bf4 e5 17. Bg3 f5 18. f3 Nxg3 19. hxg3 exd4 20. cxd4 cxd4 21. exd4
Qb6 22. Kh2 Qxd4 23. f4 Nc5 24. Nf3 Qxd3 25. Qe1 Rae8 26. Qb4 Qe4 27. Qb5 Qc2
28. Rac1 Qxb2 29. Qc4+ Kh8 30. Ng5 Bg8 31. Qc2 Qxc2 32. Rxc2 Bf6 33. Rh1 Bxg5
34. Kg1+ Kg7 35. fxg5 Re1+ 36. Kh2 Rxh1+ 37. Kxh1 Re8 0-1

[Event "Portugal Open 2018"]
[Site "Lisboa POR"]
[Date "2018.02.04"]
[Round "3.88"]
[White "Fernandes, Tiago Saraiva"]
[Black "Avelino, Camila"]
[Result "1/2-1/2"]
[WhiteElo "1969"]
[BlackElo "1694"]
[WhiteFideId "1920928"]
[BlackFideId "1938975"]
[WhiteCountry "POR"]
[BlackCountry "POR"]
[PlyCount "143"]
[EventDate "2018.??.??"]

1. e4 e5 2. Bc4 Nf6 3. d3 Nc6 4. Nf3 Bc5 5. c3 d6 6. Bb3 a6 7. Bc2 O-O 8. Bg5 h6
9. Bh4 Re8 10. h3 Kh8 11. g4 g5 12. Bg3 d5 13. Qe2 d4 14. Nbd2 b5 15. a4 Rb8 16.
h4 Nxg4 17. hxg5 Kg7 18. Bh4 h5 19. axb5 axb5 20. Nf1 b4 21. Ba4 Ra8 22. c4 Bd7
23. Qd1 Ne7 24. Bxd7 Qxd7 25. N3d2 Bb6 26. Ng3 Rxa1 27. Qxa1 Rh8 28. Nb3 Qc6 29.
Qd1 Kg6 30. O-O Qd7 31. Kg2 c6 32. Qf3 c5 33. Ra1 Qc8 34. Nd2 Bd8 35. Ra7 Rh7
36. Ndf1 Rh8 37. Nh2 Qe6 38. Nf5 Nxf5 39. exf5+ Qxf5 40. Qxf5+ Kxf5 41. Rxf7+
Kg6 42. Ra7 Bxg5 43. Nxg4 hxg4 44. Ra6+ Kf5 45. Bxg5 Kxg5 46. Rc6 Kf4 47. Rf6+
Kg5 48. Rc6 Kf4 49. Rxc5 Rh3 50. Rb5 Rxd3 51. c5 Rd2 52. Rxb4 Rc2 53. Rb8 Rxc5
54. b4 Rc4 55. b5 Rb4 56. b6 d3 57. Rd8 e4 58. Rf8+ Ke5 59. Re8+ Kd6 60. b7 Rxb7
61. Rxe4 Kd5 62. Re8 Rd7 63. Kf1 Ra7 64. Ke1 Ra1+ 65. Kd2 Kd4 66. Rd8+ Ke4 67.
Re8+ Kf3 68. Rf8+ Kg2 69. Kxd3 Ra3+ 70. Ke2 Ra2+ 71. Ke1 Ra3 72. Ke2 1/2-1/2

[Event "Portugal Open 2018"]
[Site "Lisboa POR"]
[Date "2018.02.04"]
[Round "3.89"]
[White "Pelaez Murias, Eduardo"]
[Black "Santos, Ruben"]
[Result "1-0"]
[WhiteElo "1961"]
[BlackElo "1669"]
[WhiteFideId "22279709"]
[BlackFideId "1952838"]
[WhiteCountry "ESP"]
[BlackCountry "POR"]
[PlyCount "31"]
[EventDate "2018.??.??"]

1. e4 e6 2. d4 d5 3. Nc3 Bb4 4. Nge2 dxe4 5. a3 Bxc3+ 6. Nxc3 b6 7. Qg4 Nf6 8.
Qxg7 Rg8 9. Qh6 a6 10. Bg5 Rg6 11. Qh4 Qxd4 12. Rd1 Qe5 13. Bf4 Qc5 14. Nxe4
Qa5+ 15. b4 Qxa3 16. Nxf6+ 1-0

[Event "Portugal Open 2018"]
[Site "Lisboa POR"]
[Date "2018.02.04"]
[Round "3.90"]
[White "Silva, Flávio"]
[Black "Asvestopoulou, Evdokia"]
[Result "1-0"]
[WhiteElo "1952"]
[BlackElo "1685"]
[WhiteFideId "1903691"]
[BlackFideId "4219198"]
[WhiteCountry "POR"]
[BlackCountry "GRE"]
[PlyCount "41"]
[EventDate "2018.??.??"]

1. c4 Nf6 2. Nc3 e6 3. Nf3 b6 4. g3 Bb7 5. Bg2 Be7 6. O-O O-O 7. b3 d6 8. Bb2
Nbd7 9. Rc1 Nh5 10. Re1 f5 11. Nd4 Qc8 12. e4 Nhf6 13. Nxe6 Rf7 14. Nd5 Nc5 15.
Ng5 Nd3 16. Nxf7 Kxf7 17. Nxe7 Kxe7 18. exf5+ Kf7 19. Bxf6 Bxg2 20. Qh5+ Kg8 21.
Re7 1-0

[Event "Portugal Open 2018"]
[Site "Lisboa POR"]
[Date "2018.02.04"]
[Round "3.91"]
[White "Quintino, Luís"]
[Black "Silva, Miguel Amorim"]
[Result "1-0"]
[WhiteElo "1899"]
[BlackElo "1622"]
[WhiteFideId "1904086"]
[BlackFideId "1912852"]
[WhiteCountry "POR"]
[BlackCountry "POR"]
[PlyCount "71"]
[EventDate "2018.??.??"]

1. d4 Nf6 2. Bg5 g6 3. c4 Bg7 4. Nc3 O-O 5. e4 d6 6. Nf3 Nbd7 7. Qd2 c5 8. d5 a6
9. Be2 Re8 10. O-O Rb8 11. Rfe1 Qa5 12. a4 Qb4 13. Qc2 Qa5 14. Bf1 h6 15. Bd2
Qc7 16. Bd3 Ng4 17. h3 Nge5 18. Nxe5 Nxe5 19. Be2 f5 20. f4 Nf7 21. exf5 Bxf5
22. Bd3 Bxd3 23. Qxd3 Kh7 24. Re6 Bd4+ 25. Kh1 Bf6 26. Ne4 Kg7 27. Bc3 Bxc3 28.
Nxc3 Nh8 29. Rae1 Rbd8 30. f5 Rd7 31. f6+ Kf7 32. Qf3 b6 33. Ne4 b5 34. fxe7+
Kg7 35. Qc3+ Kf7 36. Rf1+ 1-0

[Event "Portugal Open 2018"]
[Site "Lisboa POR"]
[Date "2018.02.04"]
[Round "3.92"]
[White "Skielnik, Joseph"]
[Black "Silva, Daniel"]
[Result "1/2-1/2"]
[WhiteElo "1890"]
[BlackElo "1536"]
[WhiteFideId "423807"]
[BlackFideId "1951378"]
[WhiteCountry "ENG"]
[BlackCountry "POR"]
[PlyCount "60"]
[EventDate "2018.??.??"]

1. d4 d5 2. Bf4 Nf6 3. e3 e6 4. Nd2 Be7 5. Bd3 Nbd7 6. h3 b6 7. c3 Bb7 8. Ngf3
a6 9. O-O O-O 10. Qc2 h6 11. Rae1 c5 12. Qb1 Nh5 13. Bh2 f5 14. c4 dxc4 15. Bxc4
Bd5 16. Rd1 Bxc4 17. Nxc4 b5 18. Nce5 Nxe5 19. Nxe5 c4 20. Qc2 Nf6 21. b3 cxb3
22. Qxb3 Qd5 23. Ng6 Qxb3 24. axb3 Rfe8 25. Nxe7+ Rxe7 26. Bd6 Ree8 27. f3 Nd5
28. Kf2 Rac8 29. Rc1 Kf7 30. g3 g6 1/2-1/2

[Event "Portugal Open 2018"]
[Site "Lisboa POR"]
[Date "2018.02.04"]
[Round "3.93"]
[White "Rumsey, Victor"]
[Black "Santos, Ana P"]
[Result "1/2-1/2"]
[WhiteElo "1888"]
[BlackElo "1534"]
[WhiteFideId "432873"]
[BlackFideId "1921550"]
[WhiteCountry "ENG"]
[BlackCountry "POR"]
[PlyCount "134"]
[EventDate "2018.??.??"]

1. d4 d5 2. c4 e6 3. Nf3 c6 4. g3 Nf6 5. Bg2 dxc4 6. O-O Nbd7 7. Qc2 Be7 8. Qxc4
O-O 9. Rd1 Qc7 10. Nc3 e5 11. dxe5 Nxe5 12. Nxe5 Qxe5 13. Bf4 Qc5 14. Qxc5 Bxc5
15. h3 Be6 16. Bd6 Bxd6 17. Rxd6 Rfd8 18. Rad1 Rxd6 19. Rxd6 Kf8 20. e4 Ke7 21.
Rd1 Rd8 22. Rxd8 Kxd8 23. f4 g6 24. Kf2 Ke7 25. a3 Nd7 26. g4 Nc5 27. Ke3 b6 28.
Bf3 Nb7 29. e5 Kd7 30. Be4 Na5 31. Bd3 Nc4+ 32. Bxc4 Bxc4 33. Ne4 Ke7 34. g5 a5
35. Nf6 c5 36. Nxh7 b5 37. Nf6 Bf1 38. h4 b4 39. Ne4 c4 40. axb4 axb4 41. Kd4
Ke6 42. Nd2 c3 43. bxc3 bxc3 44. Kxc3 Bg2 45. Nc4 Bf3 46. Nd6 Bd5 47. Kd4 Bf3
48. Ke3 Bg2 49. Nc4 Kf5 50. Nd6+ Ke6 51. Ne4 Kf5 52. Nd6+ Ke6 53. Kf2 Bc6 54.
Kg3 Bd7 55. h5 gxh5 56. Kh4 Ke7 57. Kxh5 Kf8 58. Kh6 Kg8 59. f5 Ba4 60. e6 fxe6
61. fxe6 Kf8 62. e7+ Kxe7 63. Nf5+ Ke6 64. Nd4+ Ke5 65. Nf3+ Ke4 66. Nh4 Bb3 67.
Kg7 Kf4 1/2-1/2

[Event "Portugal Open 2018"]
[Site "Lisboa POR"]
[Date "2018.02.04"]
[Round "3.94"]
[White "Mendes, Alberto"]
[Black "Sousa, Tadeu"]
[Result "0-1"]
[WhiteElo "1672"]
[BlackElo "1888"]
[WhiteFideId "1901699"]
[BlackFideId "1928198"]
[WhiteCountry "POR"]
[BlackCountry "POR"]
[PlyCount "84"]
[EventDate "2018.??.??"]

1. e4 c5 2. Nc3 Nc6 3. g3 g6 4. Bg2 Bg7 5. Nge2 d6 6. O-O e6 7. d3 Nge7 8. Be3
Nd4 9. Qd2 O-O 10. Nd1 Nxe2+ 11. Qxe2 b6 12. e5 d5 13. Bg5 Bb7 14. c3 h6 15.
Bxe7 Qxe7 16. d4 cxd4 17. cxd4 Qb4 18. Qd3 Rfc8 19. a3 Qc4 20. Qxc4 Rxc4 21. f4
Rac8 22. Nc3 Rxd4 23. Rf2 a6 24. h4 Rdc4 25. Rd1 Bf8 26. Bf1 R4c6 27. Kh2 Bxa3
28. Nxd5 exd5 29. bxa3 Rc3 30. Rb1 Rc2 31. Rb2 Rxf2+ 32. Rxf2 b5 33. Rb2 Bc6 34.
a4 bxa4 35. Bxa6 a3 36. Ra2 Ra8 37. Bd3 Bd7 38. Kg2 Be6 39. Kf3 d4 40. Ra1 a2
41. g4 Bd5+ 42. Be4 Ra3+ 0-1

[Event "Portugal Open 2018"]
[Site "Lisboa POR"]
[Date "2018.02.04"]
[Round "3.95"]
[White "Lopes, José Cidreiro"]
[Black "Santos, Júlio"]
[Result "0-1"]
[WhiteElo "1600"]
[BlackElo "1870"]
[WhiteFideId "1904841"]
[BlackFideId "1900650"]
[BlackTitle "NM"]
[WhiteCountry "POR"]
[BlackCountry "POR"]
[PlyCount "120"]
[EventDate "2018.??.??"]

1. Nf3 d5 2. g3 g6 3. Bg2 Bg7 4. O-O e5 5. d3 Ne7 6. e4 d4 7. c3 c5 8. Bg5 h6 9.
Bxe7 Qxe7 10. cxd4 cxd4 11. Qb3 Be6 12. Qa3 Nc6 13. Qxe7+ Kxe7 14. Rc1 Rhc8 15.
Ne1 Nb4 16. Nd2 Nxa2 17. Rd1 Rc7 18. Nc4 Nb4 19. Nb6 Rd8 20. Nd5+ Bxd5 21. exd5
a6 22. Rac1 Rdc8 23. Rxc7+ Rxc7 24. f4 Kd6 25. fxe5+ Bxe5 26. Nf3 Bf6 27. Nd2
Nxd5 28. Ne4+ Ke5 29. Re1 Ne3 30. Nxf6 Kxf6 31. Be4 Kg5 32. h3 f5 33. Bf3 f4 34.
h4+ Kf5 35. Kh2 h5 36. Be4+ Kg4 37. gxf4 Kxh4 38. Re2 g5 39. fxg5 Kxg5 40. Kg3
b6 41. Rf2 h4+ 42. Kh3 Rc2 43. Rf8 Rxb2 44. Rg8+ Kf6 45. Rg6+ Kf7 46. Rh6 a5 47.
Rh7+ Ke6 48. Rh6+ Kd7 49. Bc6+ Kc7 50. Be4 Rh2+ 51. Kxh2 Ng4+ 52. Kh3 Nxh6 53.
Kxh4 Kd6 54. Kg5 Nf7+ 55. Kf4 Ne5 56. Bb7 Nxd3+ 57. Kf3 Nc5 58. Bc8 a4 59. Bf5
d3 60. Ke3 a3 0-1

[Event "Portugal Open 2018"]
[Site "Lisboa POR"]
[Date "2018.02.04"]
[Round "3.96"]
[White "Lages, Duarte"]
[Black "Coelho, Pedro"]
[Result "1-0"]
[WhiteElo "1569"]
[BlackElo "1864"]
[WhiteFideId "2161680"]
[BlackFideId "1905694"]
[WhiteCountry "BRA"]
[BlackCountry "POR"]
[PlyCount "60"]
[EventDate "2018.??.??"]

1. d4 d5 2. c4 e6 3. Nc3 Nf6 4. cxd5 exd5 5. Bg5 Be7 6. Qc2 c6 7. e3 h6 8. Bh4
Nbd7 9. Bd3 Qa5 10. Nge2 O-O 11. O-O Re8 12. Rfc1 a6 13. a3 Bd6 14. Bg3 Bxg3 15.
Nxg3 Qc7 16. b4 Nb6 17. a4 Be6 18. Nf1 Qd6 19. Rab1 Rac8 20. Nd2 Nbd7 21. Qb3 b5
22. Ne2 Nb6 23. axb5 cxb5 24. Nf4 Bd7 25. Rc5 g5 26. Ne2 Ng4 27. Nf3 Nc4 28. Qa2
Nf6 29. Ng3 Be6 30. Nf5 Qd7 1-0

[Event "Portugal Open 2018"]
[Site "Lisboa POR"]
[Date "2018.02.04"]
[Round "3.97"]
[White "Correia, Pedro Mourão"]
[Black "Roxo, Agostinho"]
[Result "1/2-1/2"]
[WhiteElo "1520"]
[BlackElo "1862"]
[WhiteFideId "1959522"]
[BlackFideId "1902890"]
[WhiteCountry "POR"]
[BlackCountry "POR"]
[PlyCount "83"]
[EventDate "2018.??.??"]

1. e4 c5 2. Nf3 Nc6 3. Nc3 e6 4. Bc4 a6 5. a4 Be7 6. d4 cxd4 7. Nxd4 Nf6 8. Nxc6
dxc6 9. Be3 O-O 10. Bd3 e5 11. h3 Be6 12. Qf3 Kh8 13. O-O b5 14. axb5 axb5 15.
b3 Qc7 16. Ne2 Qb7 17. Rad1 c5 18. Ng3 c4 19. bxc4 bxc4 20. Rb1 Qc7 21. Be2 Rfb8
22. Nf5 Bf8 23. Bg5 Ne8 24. Qg3 Ra2 25. Rxb8 Qxb8 26. Nd4 Qd6 27. Nxe6 Qxe6 28.
Qc3 Ra4 29. Rb1 f6 30. Be3 Qc6 31. f3 Ra3 32. Qxc4 Qxc4 33. Bxc4 Ra8 34. Bd5 Rc8
35. c4 g6 36. Ra1 Nc7 37. Bb6 Nxd5 38. cxd5 Kg8 39. Ra7 f5 40. Bc7 Bc5+ 41. Kf1
Bxa7 42. d6 1/2-1/2

[Event "Portugal Open 2018"]
[Site "Lisboa POR"]
[Date "2018.02.04"]
[Round "3.98"]
[White "Amaral, Fernando"]
[Black "Lavrador, Rodolfo"]
[Result "0-1"]
[WhiteElo "1518"]
[BlackElo "1859"]
[WhiteFideId "1931288"]
[BlackFideId "1908367"]
[BlackTitle "NM"]
[WhiteCountry "POR"]
[BlackCountry "POR"]
[PlyCount "48"]
[EventDate "2018.??.??"]

1. e4 e6 2. d4 d5 3. Nc3 Bb4 4. e5 c5 5. Bd2 Ne7 6. a3 Bxc3 7. bxc3 Nbc6 8. Bb5
O-O 9. Qg4 f5 10. Qh4 Qb6 11. Bxc6 Ng6 12. Qh3 bxc6 13. Nf3 Ba6 14. dxc5 Qxc5
15. Ng5 h6 16. Nxe6 Qb5 17. Nd4 Qb2 18. Rc1 Nxe5 19. Nxf5 Rae8 20. Kd1 Nf7 21.
Re1 Rxe1+ 22. Kxe1 Re8+ 23. Ne3 Qb5 24. Qf3 Qf1# 0-1

[Event "Portugal Open 2018"]
[Site "Lisboa POR"]
[Date "2018.02.04"]
[Round "3.100"]
[White "Dahlgren, James Allen"]
[Black "Machado, Tiago"]
[Result "1-0"]
[WhiteElo "1809"]
[BlackElo "1491"]
[WhiteFideId "22256873"]
[BlackFideId "1953699"]
[WhiteCountry "ESP"]
[BlackCountry "POR"]
[PlyCount "39"]
[EventDate "2018.??.??"]

1. d4 Nf6 2. Bf4 d5 3. e3 e6 4. Nd2 c5 5. c3 Be7 6. Bd3 O-O 7. Ngf3 Nc6 8. Ne5
Nxe5 9. dxe5 Nd7 10. Qh5 g6 11. Qh3 Re8 12. Nf3 Nb8 13. Qg3 Nc6 14. h4 Bf8 15.
h5 Ne7 16. hxg6 fxg6 17. Qh3 h5 18. g4 Nf5 19. gxf5 exf5 20. Qg2 1-0

[Event "Portugal Open 2018"]
[Site "Lisboa POR"]
[Date "2018.02.04"]
[Round "3.101"]
[White "Billot, Daniel"]
[Black "Encarnação, Filipe"]
[Result "1-0"]
[WhiteElo "1710"]
[BlackElo "1398"]
[WhiteFideId "618004"]
[BlackFideId "1942018"]
[WhiteCountry "FRA"]
[BlackCountry "POR"]
[PlyCount "45"]
[EventDate "2018.??.??"]

1. e4 e5 2. Nf3 Nc6 3. Bc4 Bc5 4. b4 Bxb4 5. c3 Bc5 6. d4 exd4 7. O-O Nge7 8.
cxd4 Bb6 9. Ng5 d5 10. exd5 Na5 11. Bb5+ c6 12. dxc6 bxc6 13. Qf3 f6 14. Re1 O-O
15. Nxh7 Kxh7 16. Ba3 Qxd4 17. Bd3+ Kg8 18. Rxe7 Bc5 19. Bxc5 Qxc5 20. Re1 Bb7
21. Nd2 Rad8 22. Nb3 Qc3 23. Bh7+ 1-0

[Event "Portugal Open 2018"]
[Site "Lisboa POR"]
[Date "2018.02.04"]
[Round "3.102"]
[White "Dias, António"]
[Black "Blum, Ulrike"]
[Result "1-0"]
[WhiteElo "1707"]
[BlackElo "1326"]
[WhiteFideId "1928040"]
[BlackFideId "22238832"]
[WhiteCountry "POR"]
[BlackCountry "ESP"]
[PlyCount "27"]
[EventDate "2018.??.??"]

1. d4 Nf6 2. Nc3 g6 3. Bg5 Bg7 4. e4 d6 5. Bc4 h6 6. Bh4 O-O 7. f3 c6 8. a3 b5
9. Ba2 a5 10. b4 axb4 11. axb4 e5 12. Bxf7+ Rxf7 13. Rxa8 Ba6 14. dxe5 1-0

[Event "Portugal Open 2018"]
[Site "Lisboa POR"]
[Date "2018.02.04"]
[Round "3.103"]
[White "Morais, Vítor"]
[Black "Rupérez Benito, Yaiza"]
[Result "1-0"]
[WhiteElo "1977"]
[BlackElo "1503"]
[WhiteFideId "1900552"]
[BlackFideId "22297626"]
[WhiteTitle "NM"]
[WhiteCountry "POR"]
[BlackCountry "ESP"]
[PlyCount "99"]
[EventDate "2018.??.??"]

1. Nf3 e6 2. g3 d5 3. Bg2 c5 4. O-O Nc6 5. c4 Nf6 6. b3 Be7 7. Bb2 d4 8. d3 e5
9. Nbd2 O-O 10. a3 a5 11. Ne1 Qc7 12. Nc2 Be6 13. e4 Qd7 14. f4 exf4 15. gxf4
Bg4 16. Qe1 Bd6 17. e5 Rfe8 18. Ne4 Nxe4 19. Bxe4 Bc7 20. Qg3 Bf5 21. Rae1 Ra6
22. Kh1 Ne7 23. Rg1 Rg6 24. Qf3 b6 25. Rxg6 hxg6 26. Rg1 Rb8 27. a4 Kf8 28. Na3
Ng8 29. Nb5 Bd8 30. Ba3 Be7 31. Bd5 Nh6 32. Bc1 Bh4 33. Nd6 Rd8 34. Nxf5 Qxf5
35. Bd2 Ke7 36. h3 Rh8 37. Rg2 Qc8 38. Be4 Qe6 39. Kh2 Kd8 40. Re2 Bf2 41. Bd5
Qf5 42. Kg2 Bh4 43. e6 Be7 44. exf7 Nxf7 45. Bxf7 Qxf7 46. Qa8+ Kd7 47. Qxh8 Bf8
48. Qh4 Be7 49. Qg4+ Kc7 50. Qe6 1-0

[Event "Portugal Open 2018"]
[Site "Lisboa POR"]
[Date "2018.02.04"]
[Round "3.104"]
[White "Rupérez Benito, Paula"]
[Black "Gratze, Michael"]
[Result "0-1"]
[WhiteElo "1544"]
[BlackElo "1968"]
[WhiteFideId "22297618"]
[BlackFideId "1613871"]
[WhiteCountry "ESP"]
[BlackCountry "AUT"]
[PlyCount "96"]
[EventDate "2018.??.??"]

1. e4 c5 2. Nf3 d6 3. Bb5+ Nc6 4. O-O Bd7 5. c3 Nf6 6. Bd3 g6 7. Bc2 Bg7 8. d4
cxd4 9. cxd4 O-O 10. Nc3 Bg4 11. Be3 Nd7 12. Nb5 a6 13. d5 axb5 14. dxc6 bxc6
15. h3 Bxf3 16. Qxf3 Ne5 17. Qd1 Nc4 18. Bd4 Nxb2 19. Bxb2 Bxb2 20. Rb1 Bg7 21.
Bb3 Qb6 22. Rc1 c5 23. Qd2 c4 24. Bd1 Qd4 25. Qc2 Ra3 26. Bf3 Rfa8 27. Rfd1 Qa7
28. Qb1 Rxa2 29. Rf1 Rb2 30. Qa1 Qxa1 31. Rxa1 Rxa1 32. Rxa1 Bd4 33. Rf1 e5 34.
Kh2 Bxf2 35. Rd1 Bd4 36. h4 b4 37. Rc1 c3 38. Bd1 b3 39. Bf3 Rf2 40. Rb1 Rxf3
41. gxf3 c2 42. Rc1 b2 43. Rxc2 b1=Q 44. Rg2 Qc1 45. h5 Qf4+ 46. Kh3 Qxf3+ 47.
Rg3 Qh1+ 48. Kg4 Qxh5# 0-1

[Event "Portugal Open 2018"]
[Site "Lisboa POR"]
[Date "2018.02.04"]
[Round "3.105"]
[White "Candeias, Humberto"]
[Black "Ferrante, Filippo"]
[Result "1-0"]
[WhiteElo "1935"]
[BlackElo "1539"]
[WhiteFideId "1903454"]
[BlackFideId "846457"]
[WhiteCountry "POR"]
[BlackCountry "ITA"]
[PlyCount "37"]
[EventDate "2018.??.??"]

1. e4 e6 2. d4 d5 3. Nd2 c5 4. exd5 exd5 5. Ngf3 Nc6 6. Bb5 Bd7 7. O-O Nxd4 8.
Nxd4 cxd4 9. Re1+ Ne7 10. Bd3 g6 11. Nb3 Bg7 12. Qe2 Be6 13. Nc5 Bc8 14. Bb5+
Kf8 15. Bg5 f6 16. Bf4 Kf7 17. Ne6 Bxe6 18. Qxe6+ Kf8 19. Bd6 1-0

[Event "Portugal Open 2018"]
[Site "Lisboa POR"]
[Date "2018.02.04"]
[Round "3.106"]
[White "Cavadas, José"]
[Black "Silva, Ana Inês"]
[Result "0-1"]
[WhiteElo "1535"]
[BlackElo "1873"]
[WhiteFideId "1904990"]
[BlackFideId "1932543"]
[WhiteCountry "POR"]
[BlackCountry "POR"]
[PlyCount "106"]
[EventDate "2018.??.??"]

1. d4 Nf6 2. Nf3 g6 3. c4 c5 4. d5 b5 5. cxb5 a6 6. bxa6 Bxa6 7. Nc3 d6 8. g3
Bg7 9. Bg2 O-O 10. O-O Nbd7 11. Re1 Qc7 12. e4 Rfb8 13. Qc2 Ng4 14. h3 Nge5 15.
Nxe5 Nxe5 16. f4 Nd3 17. Rd1 c4 18. e5 dxe5 19. d6 Qb6+ 20. Kh2 Ra7 21. dxe7 Qe6
22. Nd5 e4 23. Qa4 Rd7 24. Ne3 Bb5 25. Qc2 Qxe7 26. a4 Ba6 27. Rb1 Qe6 28. Qd2
c3 29. Qc2 Nb4 30. bxc3 Nxc2 31. Rxb8+ Bf8 32. Rxd7 Qxd7 33. Nxc2 Qc7 34. Ra8
Bb7 35. Ra7 Bc5 36. Rxb7 Qxb7 37. Nd4 Qa7 38. Bxe4 Qxa4 39. Bg2 Qc4 40. Nf3 Qxc3
41. Bd2 Qd3 42. Be1 Qe3 43. h4 Qe2 44. Kh1 Qd1 45. Kh2 f6 46. Kh1 Bf2 47. Kh2
Bxe1 48. Nxe1 Qxe1 49. Kh3 Kf8 50. Kh2 Ke7 51. Kh3 Kd6 52. Kh2 Kc5 53. Bh3 Kc4
0-1